| 000 | 00317nam a2200109 4500 | ||
|---|---|---|---|
| 999 |
_c9570 _d9570 |
||
| 008 | 180709b ||||| |||| 00| 0 eng d | ||
| 245 | _aMelting Greenland ice threatens to expose cold water waste. | ||
| 260 |
_aPhilippines _bManila Bulletin _cc2016 |
||
| 300 | _apage 6. | ||
| 650 | 0 |
_928465 _aPollution. |
|
| 942 |
_2ddc _cPER |
||